书目信息 |
| 题名: |
小提琴教学
|
|
| 作者: | 赵惟俭 著 | |
| 分册: | ||
| 出版信息: | 北京 人民音乐出版社 2001 |
|
| 页数: | 212页 | |
| 开本: | 20cm | |
| 丛书名: | ||
| 单 册: | ||
| 中图分类: | J622.1 | |
| 科图分类: | ||
| 主题词: | 小提琴--奏法 | |
| 电子资源: | ||
| ISBN: | 7-103-02278-X | |
| 000 | 00551nam0 2200205 45 | |
| 001 | 0310270170 | |
| 005 | 20031219104121.0 | |
| 010 | @a7-103-02278-X@dCNY12.60 | |
| 100 | @a20031027d2001 km y0chiy0120 ea | |
| 101 | 0 | @achi |
| 105 | @a z 000yy | |
| 200 | 1 | @a小提琴教学@AXiao Ti Qin Jiao Xue@f赵惟俭著@FZhao Wei Jian Zhu |
| 205 | @a修订版 | |
| 210 | @a北京@c人民音乐出版社@d2001 | |
| 215 | @a212页@d20cm | |
| 606 | 0 | @a小提琴@x奏法 |
| 690 | @aJ622.1@v4 | |
| 701 | 0 | @a赵惟俭@4著 |
| 801 | @aCN@bTSTC@c20031117 | |
| 905 | @b328275@dJ622.1@e120=2@f1 | |
| 小提琴教学/赵惟俭著.-修订版.-北京:人民音乐出版社,2001 |
| 212页;20cm |
| ISBN 7-103-02278-X:CNY12.60 |
| ● |
| 相关链接 |
|
|
|
|
正题名:小提琴教学
索取号:J622.1/120=2
 
预约/预借
| 序号 | 登录号 | 条形码 | 馆藏地/架位号 | 状态 | 备注 |
| 1 | 0327668 | 203276686 | 第一借阅区/ [索取号:J622.1/120=2] | 在馆 | |
| 2 | 0327669 | 203276695 | 第一借阅区/ [索取号:J622.1/120=2] | 在馆 | |
| 3 | 0327670 | 203276702 | 第一借阅区/ [索取号:J622.1/120=2] | 在馆 | |
| 4 | 0327671 | 203276711 | 第一样本阅览室/ [索取号:J622.1/120=2] | 在馆 | |
| 5 | 0328275 | 203282759 | 第一借阅区/ [索取号:J622.1/120=2] | 在馆 |